000 00420nam a22001817a 4500
005 20251108175411.0
008 250721s2015 xx 000 0 eng d
082 1 4 _aF/CHR
100 1 _achristie, agatha
245 1 0 _aElephants Can Remember /
264 _bel- horya,
_c2015.
300 _a238 P.
650 1 7 _aPOLICE FICTION
650 1 7 _aNOVELS
650 1 7 _aTHRILLERS
942 _2ddc
_cBK
999 _c133221
_d133221